000 00613nam a2200229Ia 4500
003 OSt
005 20221005133816.0
006 a|||||r|||| 00| 0
007 ta
008 221004b |||||||| |||| 00| 0 pan d
024 _a27777
037 _cTextual
040 _aCRL
_cCRL
_bpan
041 _2pan
_apan
082 _aV1:25wM8, 153J4
100 _aਪਿਆਰਾ ਸਿੰਘ
245 0 _aਪਰਵਾਨੇ
260 _c1954
650 _aਭਾਰਤੀਯ ਇਤਿਹਾਸ
942 _hV1:25wM8, 153J4
_cTEXL
_2cc
999 _c1067943
_d1067943